Music Quiz

Random Music or Song Quiz
Score 0/20 Timer 03:00
3 Plays Today
% Correct
Elvis Presley - Elvis Presley
88.8%
Shania Twain - Come on Over
86.3%
Aretha Franklin -
I Never Loved A Man
the Way I Loved You
85.7%
Avril Lavigne - Let Go
84.3%
Justin Timberlake -
FutureSex-LoveSounds
84.3%
The Beatles - White Album
84.1%
Boston - Boston
82.7%
Billy Idol - Rebel Yell
80.2%
Weird Al Yankovic -
Running with Scissors
79.7%
Rolling Stones - Sticky Fingers
73.3%
% Correct
Aerosmith - Pump
71.9%
Taylor Swift - 1989
71.7%
The Offspring - Americana
68.5%
Barenaked Ladies - Stunt
68.1%
Huey Lewis and the News -
Sports
66%
Parliament -
Mothership Connection
64.3%
Weezer - Weezer
61.7%
Mötley Crüe - Dr. Feelgood
59.3%
Beck - Odelay
56.6%
Run D.M.C. - King of Rock
50.4%
Remove Ads.
Support Sporcle.
Get the best of Sporcle when you Go Orange. This ad-free experience offers more features, more stats, and more fun while also helping to support Sporcle. Thank you for becoming a member.

You're not logged in!

Compare scores with friends on all Sporcle quizzes.
OR
Log In

Sporcle TV

Today on Sporcle TV


Watch our educational content, quiz creation guides, and fun videos on Sporcle TV.

Show Comments

Extras

Top Quizzes Today


Score Distribution

Paid Content

Your Account Isn't Verified!

In order to create a playlist on Sporcle, you need to verify the email address you used during registration. Go to your Sporcle Settings to finish the process.

Report this User

Report this user for behavior that violates our Community Guidelines.

Details: